| 000 | 00697nam a22002057a 4500 | ||
|---|---|---|---|
| 999 |
_c10228 _d10228 |
||
| 003 | AR-CdUCM | ||
| 008 | 190329b ||||| |||| 00| 0 spa d | ||
| 040 |
_aMUNICIPALIDAD PROVINCIAL DEL CUSCO _cBIBLIOTECA MUNICIPAL DEL CUSCO |
||
| 082 |
_aC / 869.56 / _bR84F |
||
| 100 |
_aRosas Paravicino, Enrique _9417 |
||
| 245 | _aAl filo del rayo / | ||
| 260 |
_aCusco : _bViñeta editores, _c1987 |
||
| 300 |
_a[s.n] ; _c20 cm. |
||
| 500 | _aDedicatoria a Gustavo Pérez Ocampo. Cuento finalista del premio COPE 1985. | ||
| 650 |
_aCuentos cusqueños - Siglo XX _926953 |
||
| 650 |
_aAutores cusqueños _95505 |
||
| 650 |
_aCuentos peruanos _97 |
||
| 942 |
_2ddc _cLIBROS |
||
| 945 |
_apjha _d2019-05-14 |
||